Theory of econometrics: An introductory exposition of econometric methods (Record no. 111992)

MARC details
000 -LEADER
fixed length control field 00429nam a2200157Ia 4500
008 - FIXED-LENGTH DATA ELEMENTS--GENERAL INFORMATION
fixed length control field 230917s9999||||xx |||||||||||||| ||und||
040 ## - CATALOGING SOURCE
-- 71882
Original cataloging agency VIVEKANANDA LIBRARY
041 ## - Language
-- English
082 ## - DDC NUMBER
Classification number 330.1543 K849T
100 ## - MAIN ENTRY--PERSONAL NAME
Personal name Koutsoyiannis, A
245 #0 - TITLE STATEMENT
Title Theory of econometrics: An introductory exposition of econometric methods
250 ## - EDITION STATEMENT
Edition statement 2nd ed.
260 ## - PUBLICATION, DISTRIBUTION, ETC. (IMPRINT)
Place of publication, distribution, etc New York
Name of publisher, distributor, etc Palgrave
Date of publication, distribution, etc 2001
300 ## - PHYSICAL DESCRIPTION
Pages xvii, 681 p.
942 ## - ADDED ENTRY ELEMENTS (KOHA)
Koha item type Books
Holdings
Withdrawn status Lost status Damaged status Not for loan Location (home branch) Sublocation or collection (holding branch) Date acquired Koha issues (times borrowed) Koha full call number Accession No. Koha date last seen Koha item type
        VIVEKANANDA LIBRARY VIVEKANANDA LIBRARY 05/02/2003   330.1543 K849T 200287 17/09/2023 Books
        VIVEKANANDA LIBRARY VIVEKANANDA LIBRARY 05/02/2003   330.1543 K849T 216521 17/09/2023 Books
        VIVEKANANDA LIBRARY VIVEKANANDA LIBRARY 05/02/2003 1 330.1543 K849T 216522 18/11/2025 Books
        VIVEKANANDA LIBRARY VIVEKANANDA LIBRARY 05/02/2003   330.1543 K849T 216523 17/09/2023 Books
        VIVEKANANDA LIBRARY VIVEKANANDA LIBRARY 05/02/2003   330.1543 K849T 216524 17/09/2023 Books
        VIVEKANANDA LIBRARY VIVEKANANDA LIBRARY 05/02/2003   330.1543 K849T 216525 17/09/2023 Books
        VIVEKANANDA LIBRARY VIVEKANANDA LIBRARY 05/02/2003   330.1543 K849T 216526 17/09/2023 Books
        VIVEKANANDA LIBRARY VIVEKANANDA LIBRARY 05/02/2003 1 330.1543 K849T 216527 14/10/2023 Books
        VIVEKANANDA LIBRARY VIVEKANANDA LIBRARY 05/02/2003   330.1543 K849T 216528 17/09/2023 Books
        VIVEKANANDA LIBRARY VIVEKANANDA LIBRARY 05/02/2003   330.1543 K849T 262127 17/09/2023 Books
        VIVEKANANDA LIBRARY VIVEKANANDA LIBRARY 05/02/2003   330.1543 K849T 262128 17/09/2023 Books
        VIVEKANANDA LIBRARY VIVEKANANDA LIBRARY 05/02/2003   330.1543 K849T 262129 17/09/2023 Books
        VIVEKANANDA LIBRARY VIVEKANANDA LIBRARY 05/02/2003   330.1543 K849T 262130 17/09/2023 Books
        VIVEKANANDA LIBRARY VIVEKANANDA LIBRARY 05/02/2003 2 330.1543 K849T 262131 04/06/2025 Books
© Designed and Maintained by Vivekananda Library, MDU Rohtak